000 00647nam a22001577a 4500
003 OSt
005 20151005140745.0
008 151005b xxu||||| |||| 00| 0 eng d
040 _cRUA
082 _aAVM SOK 2001 B072 Or.1
100 _92039
_aSOK, BYVANNA.
245 _aBuffaloes feedloting and management for improving meat quality for exportation,ការគ្រប់គ្រង និងការថែបំប៉នក្របី ដើម្បីបង្កើនគុណភាពសាច់សំរាប់ការនាំចេញ
260 _aPhnom Penh
_bRUA
_c2001
300 _avi; 46p.
_bill.
_c29cm.
942 _2ddc
_cAVM
999 _c1925
_d1925